00191nam a2200073Ia 4500008004100000100002300041245002300064260003000087170817s9999 xx 000 0 und d aTripathi.Shaligram 0aShiksha Manovigyan bKanishka Publishers Delhi